| 000 | 00573nam a2200169Ia 4500 | ||
|---|---|---|---|
| 003 | GCL | ||
| 008 | 140319s9999 xx 000 0 eng d | ||
| 020 | _a0802837239 | ||
| 040 |
_aGCL / _cGCL |
||
| 082 | 0 | 4 |
_a230.5071073 _bW E |
| 100 | 1 | _aWALTHER, JAMES ARTHUR | |
| 245 | 1 | 0 |
_aEVER A FRONTIER : _bTHE BICENTENNIAL HISTORY OF THE PITTSBURGH THEOLOGICAL SEMINARY / _cWALTHER, JAMES ARTHUR |
| 260 |
_aنيويورك : _bWILLIAM B. EERDMANS PUBLISHING COMPANY ، _c1994 |
||
| 300 |
_a24 CM ؛ _c282 P |
||
| 650 | 0 | 4 | _aPITTSBURGH THEOLOGICAL SEMINARY - HISTORY |
| 942 |
_2ddc _cBK |
||
| 999 |
_c9781 _d9781 |
||